| 000 | 00529nam a22001817a 4500 | ||
|---|---|---|---|
| 005 | 20250124200333.0 | ||
| 008 | 250124b |||||||| |||| 00| 0 eng d | ||
| 050 |
_aHM51 _b.J84 KOR |
||
| 100 | _aKornblum William | ||
| 245 |
_aSocial Problems _cWilliam Kornblum & Joseph Julian |
||
| 250 | _a12th Ed. | ||
| 260 |
_aNew Jersey _bPearson Education, Inc. _c2007 |
||
| 300 |
_axxii. 568p. _bill. col. _c28 cm x 21.5 cm |
||
| 500 | _aIncludes Index | ||
| 650 | _2Sociology | ||
| 700 | _aJulian Joseph | ||
| 942 |
_2lcc _cBK _e12th Ed. _n0 |
||
| 999 |
_c3058 _d3058 |
||